000 02404cam a22005174 4500
003 PE-LiUPU
005 20250731173101.0
008 a
020 _a9781578470303
035 _a(Sirsi) i9781578470303
041 _aes
049 _aPRUA
050 _aBX6153.98.H57
_bV27
082 0 4 _a286.732
_bV35
100 1 _aVásquez, Manuel,
_eautor.
245 3 4 _aLa historia aun no contada :
_b100 años de adventismo hispano /
_cManuel Vásquez.
264 1 _aNampa, Idah :
_bPublicaciones Interamericanas,
_c2000
300 _a540 páginas :
_bilustraciones ;fotos,láms.;
_c26 centímetros.
336 _atext
_2rdacontent
337 _aunmediated
_2rdamedia
338 _avolume
_2rdacarrier
504 _aIncluye referencias bibliográficas
505 0 _aLos comienzos. Escuelas hispanas de entrenamiento. Los comienzos y el desarrollo de la obra hispana en las uniones. Publicaciones y medios de comunicación hispanos. Adventistas hispanos en el nuevo milenio. Apendice.
526 _aSEG42
526 _aSEG41
526 _aSEG40
526 _aSEG39
526 _aP94
526 _aP87
526 _aP86
526 _aP85
526 _aP77
526 _aP76
526 _aP35
650 1 4 _aAdventistas del séptimo Día
_zEstados Unidos
_xHistoria
_y1899-1999
910 _agl20120328
942 _2ddc
_cBOOK
949 _a286.732 V35
_wDEWEY
_c1
_i48925
_f2017-2-15
_g1
_lCIAE7
_mBUL
_p22.00
_r0
_sY
_tBOOK
_u2015-7-10
_xTEOLOGIA
_PP35
_0COMPRA
_o.STAFF. Colección General
949 _aBX6153.98.H57 V27 2000B
_wLC
_c1
_i66925
_lCIA
_mBWL
_p36.00
_r1
_sY
_tBOOK
_u2016-7-18
_xWHITE
_zUNKNOWN
_0COMPRA
_o.STAFF. Centro White
596 _a1 4
999 _a286.732 V35
_wDEWEY
_c28087
_i48925
_d28087
_f2021-11-11
_g6
_lCCODEBUL1
_mBUL
_p22.00
_q5
_r0
_sY
_tBOOK
_u2015-7-10
_xTEOLOGIA
_PP35
_0COMPRA
_o.STAFF. Colección General
999 _a286.732 V35 2000
_wLC
_c1
_iCW66925
_f2021-12-22
_g2
_lCCODECWL1
_mBWL
_p36.00
_r1
_sY
_tBOOK
_u2016-7-18
_xWHITE
_zUNKNOWN
_0COMPRA
_o.STAFF. Centro White
999 _a286.732 V35 2000
_wLC
_c2
_iCW64434
_f2021-12-22
_g2
_lCCODECWL1
_mBWL
_p80.00
_r0
_sY
_tBOOK
_u2018-2-1
_xWHITE
_zUNKNOWN
_0COMPRA
_o.STAFF. Centro White
999 _a286.732 V35 2000
_wLC
_c3
_iCW00921
_f2021-12-22
_g2
_lCCODECWL1
_mBWL
_p10.00
_r0
_sY
_tBOOK
_u2018-11-29
_xWHITE
_zUNKNOWN
_0COMPRA
_o.STAFF. Centro White
980 _81
_gALBERTO SANCHEZ Responsable de Automatización